000 00790nam a22002777a 4500
001 BR9606401
003 BR-BrBNA
005 20230928095311.0
007 ta
008 230509b bl.||||| |||| 00| 0 por d
040 _aBR-BrBNA
_bpor
_cBiblioteca Nacional de Agricultura
041 _a(Por)
072 _aP06; E14
090 _ P06 BR9606401
110 1 _aMinisterio das Minas e Energia, Brasilia, DF (Brasil)
_97081
245 1 _aFontes alternativas de energia. Programa de desenvolvimento
260 3 _aBrasilia, DF (Brasil):
_c1982.
300 _a113 p.
650 _aRecurso Energetico
650 _aBiomassa
650 _aEnergia Eolica
650 _aBalanco de Energia
650 _aProjeto de Desenvolvimento
909 _a202309
_bLucia
_c55
_dLucia Elande
942 _cBK
999 _c55745
_d55745